Médecine et environnement dans l'Alexandrie médiévale : édition et traduction de la Risāla fi ṭabʻ al-Iskandariyya d'Ibn Gumayʻ al-Isrāʼīlī (m. 594-1198) /

Saved in:

Main Author: Ibn Jumayʻ, Hibat Allāh ibn Zayn, -1198.

Other Authors: Ducène, Jean-Charles (Editor)

Format: Book

Language: French

Published: Le Caire : Alexandrie : Institut français d'archéologie orientale ; Centre d'études alexandrines, 2025.

Series: Cahier des Annales Islamologiques ; 37.
CAI ; 37.

Subjects:

Tags: Add Tag

No Tags, Be the first to tag this record!

Call Number: DS41 .C24 v.37

LEADER 00994nam a22002417a 4500
003 OSt
005 20260601081520.0
008 260428s2025 ua b b 001 0 fre d
020 |a 9782724711257 
040 |c ARCE Library 
050 4 |a DS41 .C24 v.37 
100 0 |a Ibn Jumayʻ, Hibat Allāh ibn Zayn,   |d -1198. 
245 1 0 |a Médecine et environnement dans l'Alexandrie médiévale :   |b édition et traduction de la Risāla fi ṭabʻ al-Iskandariyya d'Ibn Gumayʻ al-Isrāʼīlī (m. 594-1198) /   |c Jean-Charles Ducène.  |n   
264 1 |a Le Caire :   |b Institut français d'archéologie orientale ;   |a Alexandrie :   |b Centre d'études alexandrines,   |c 2025. 
300 |a 129 pages :  |b color map ;   |c 28 cm. 
490 0 |a Cahier des Annales Islamologiques ;   |v 37. 
490 0 |a CAI ;  |v 37. 
504 |a Includes bibliographical references (page [117]-129) and index. 
650 0 |a Medicine, Arab. 
700 1 |a Ducène, Jean-Charles,   |e editor 
901 |a reviewed 
942 |2 lcc  |c BK 
999 |c 61903  |d 61903